000 00632nam a2200217 a 4500
005 20221008064246.0
008 991125s1981 mx 000 0 spa u
020 _a9684110731
035 _aUPN01000005034
049 _aCG
050 4 _aND259 O7
_bO7.2
100 1 _aOrozco, José Clemente,
_d1883-1949
245 1 0 _aAutobiografía /
_cJosé Clemente Orozco.
250 _a2a ed.
260 _aMéxico :
_bEra,
_c1981.
300 _a112 p., [8] p. de fotos
440 0 _aBiblioteca Era.
_pCrónicas ;
_v132/8
600 1 4 _aOROZCO, JOSE CLEMENTE,
_d1883-1949
650 7 _aPintores mexicanos
_vBiografía
_2
_91344
905 _aLibro
999 _c5034
_d5034